Mezinárodní srovnání zdanění životního pojištění
Úroveň daňového zvýhodnenia životného poistenia vo vyspelých krajinách a v súvislosti s tým vznikajúce otázky ako štát ČR motivuje občanov prostredníctvom daňového zvýhodnenia k vytváraniu úspor na starobu. Rozsah a úroveň daňových zvýhodnení do značnej miery súvisí i s rolou 3. piliera v dôchodkov...
Saved in:
| Main Author: | |
|---|---|
| Format: | Book Chapter |
| Language: | Czech |
| Subjects: | |
| Tags: |
No Tags, Be the first to tag this record!
|
MARC
| LEADER | 00000naa$a2200000$$$4500 | ||
|---|---|---|---|
| 001 | 0024566 | ||
| 005 | 20230927101303.8 | ||
| 041 | 0 | |a cze | |
| 044 | |a CZ | ||
| 245 | 1 | 0 | |a Mezinárodní srovnání zdanění životního pojištění |c Rudolf Voborský |
| 520 | |a Úroveň daňového zvýhodnenia životného poistenia vo vyspelých krajinách a v súvislosti s tým vznikajúce otázky ako štát ČR motivuje občanov prostredníctvom daňového zvýhodnenia k vytváraniu úspor na starobu. Rozsah a úroveň daňových zvýhodnení do značnej miery súvisí i s rolou 3. piliera v dôchodkových systémoch jednotlivých krajín. Postavenie ČR v porovnaní niektorými krajinami v zdanení životného poistenia. | ||
| 610 | 2 | 0 | |a Česko |
| 610 | 2 | 0 | |a poistenie životné |
| 610 | 2 | 0 | |a zdaňovanie |
| 610 | 2 | 0 | |a zvýhodnenie daňové |
| 610 | 2 | 0 | |a porovnanie medzinárodné |
| 610 | 2 | 0 | |a krajiny vyspelé |
| 610 | 2 | 0 | |a Európska únia |
| 100 | 1 | |a Voborský, Rudolf | |